000 00336nam a2200157Ia 4500
003 Ost
005 20260225132550.0
008 260225s9999||||xx |||||||||||||| ||und||
040 _cfsic
041 _afre
082 _a440
100 _aJean luc
_eAuteur
245 0 _aCineam d'aujourd hui /
245 0 _cJean luc
942 _cكتاب
999 _c34113
_d34113